Normal view
MARC view
- A. A. M. Moniruzzaman, Shah Munjurul Haque and Muhammad Abdul Latif and Md. Dalim Hossain and Md. Makbul Hossain Sarder
Entry Personal Name
001 - CONTROL NUMBER
- control field: 5239
003 - CONTROL NUMBER IDENTIFIER
- control field: OSt
005 - DATE AND TIME OF LATEST TRANSACTION
- control field: 20230320012459.0
008 - FIXED-LENGTH DATA ELEMENTS
- fixed length control field: 230320|| aca||aabn | a|a d
040 ## - CATALOGING SOURCE
- Original cataloging agency: OSt
- Transcribing agency: OSt
100 ## - HEADING--PERSONAL NAME
- Personal name: A. A. M. Moniruzzaman, Shah Munjurul Haque and Muhammad Abdul Latif and Md. Dalim Hossain and Md. Makbul Hossain Sarder
670 ## - SOURCE DATA FOUND
- Source citation: Work cat.: (OSt)3407: Moniruzzaman, A .A. M. 5238, Civil Procedure Code 1908 : , c2007
